[Event "SV Waltrop 1 - SF Essen-Katernberg  3"]
[Site "Verbandsliga - Gruppe 1 2021/"]
[Date "2022.03.20"]
[Round "7.1"]
[White "Rosen, Willy"]
[Black "Eckert, Marius"]
[Result "0-1"]
[WhiteElo "2114"]
[BlackElo "2161"]
[PlyCount "96"]
[EventDate "2022.??.??"]
[WhiteTeam "SF Essen-Katernberg  3"]
[BlackTeam "SV Waltrop 1"]

1. e4 e5 2. Nf3 Nc6 3. Nc3 Nf6 4. a3 d5 5. Bb5 dxe4 6. Nxe5 Qd6 7. d4 exd3 8.
O-O Be7 9. Bf4 Qc5 10. Nxd3 Qf5 11. Re1 Be6 12. Re5 Qg4 13. f3 Qg6 14. Bd2
O-O-O 15. Bxc6 bxc6 16. Nf4 Qh6 17. Nfd5 Bc5+ 18. Kh1 Qh4 19. Nxf6 Bd6 20. Rh5
Qxf6 21. Ne4 Qd4 22. Bc3 Qxd1+ 23. Rxd1 Be5 24. Rxd8+ Rxd8 25. g3 Bxc3 26. bxc3
h6 27. Ra5 Kb7 28. Ra4 Rd5 29. c4 Rd1+ 30. Kg2 Rc1 31. Nc5+ Kb6 32. Nxe6 Rxc2+
33. Kh3 fxe6 34. g4 c5 35. Kg3 g5 36. h4 e5 37. hxg5 hxg5 38. Kh3 Rd2 39. Kg3
Re2 40. Kh3 a6 41. Kg3 Rd2 42. Kh3 Rd4 43. Kg3 Rf4 44. Kg2 e4 45. fxe4 Rxg4+
46. Kf3 Rf4+ 47. Ke3 Rf8 48. e5 Rf1 0-1

[Event "SV Waltrop 1 - SF Essen-Katernberg  3"]
[Site "Verbandsliga - Gruppe 1 2021/"]
[Date "2022.03.20"]
[Round "7.2"]
[White "Gasper, Joern"]
[Black "Geerlings, Gerd"]
[Result "1/2-1/2"]
[WhiteElo "2084"]
[BlackElo "2022"]
[PlyCount "58"]
[EventDate "2022.??.??"]
[WhiteTeam "SV Waltrop 1"]
[BlackTeam "SF Essen-Katernberg  3"]

1. Nf3 Nf6 2. g3 g6 3. b3 Bg7 4. Bb2 O-O 5. Bg2 d6 6. d4 e5 7. dxe5 Ng4 8. O-O
Nxe5 9. Nxe5 dxe5 10. Nc3 c6 11. Qxd8 Rxd8 12. Rad1 Re8 13. Ne4 Na6 14. Nd6 Rd8
15. Nxc8 Raxc8 16. a3 Nc5 17. Bc1 a6 18. Be3 Bf8 19. a4 Be7 20. Bd2 f5 21. Ba5
Rxd1 22. Rxd1 Kf7 23. e3 Ke6 24. h3 b5 25. axb5 axb5 26. g4 e4 27. Bc3 Bf6 28.
Bxf6 Kxf6 29. Bf1 Ke7 1/2-1/2

[Event "SV Waltrop 1 - SF Essen-Katernberg  3"]
[Site "Verbandsliga - Gruppe 1 2021/"]
[Date "2022.03.20"]
[Round "7.3"]
[White "Krueger, Erich"]
[Black "Winterberg, Andreas"]
[Result "0-1"]
[WhiteElo "2043"]
[BlackElo "1978"]
[PlyCount "113"]
[EventDate "2022.??.??"]
[WhiteTeam "SF Essen-Katernberg  3"]
[BlackTeam "SV Waltrop 1"]

1. d4 Nf6 2. c4 e6 3. Nc3 Bb4 4. e3 O-O 5. a3 Bxc3+ 6. bxc3 b6 7. Bd3 Bb7 8. f3
d5 9. cxd5 exd5 10. Ne2 Re8 11. O-O Nbd7 12. Ng3 c5 13. Re1 Qc7 14. Bd2 Rad8
15. e4 dxe4 16. fxe4 Nf8 17. e5 N6d7 18. Bg5 Rc8 19. Nf5 Ne6 20. Ne7+ Rxe7 21.
Bxe7 Nxe5 22. Rxe5 Qxe7 23. Qh5 g6 24. Qh6 cxd4 25. Rae1 Rxc3 26. Rh5 Qf6 27.
Qxh7+ Kf8 28. Bxg6 Qxg6 29. Qxg6 fxg6 30. Rhe5 Nc5 31. g4 Be4 32. R5xe4 Nxe4
33. Rxe4 d3 34. Rd4 Rxa3 35. h4 Kf7 36. Kf2 Ra2+ 37. Ke3 d2 38. Ke2 Ke6 39. h5
gxh5 40. gxh5 Kf6 41. Rg4 Ra1 42. Kxd2 Rh1 43. Ra4 a5 44. Rc4 Rb1 45. Rg4 Rb5
46. h6 Rh5 47. Rc4 Rxh6 48. Re4 Kf5 49. Re8 Re6 50. Rd8 Ke5 51. Kc3 Rd6 52. Rh8
Kd5 53. Rh5+ Kc6 54. Kc4 Rg6 55. Rh4 b5+ 56. Kb3 Rg3+ 57. Kb2 0-1

[Event "SV Waltrop 1 - SF Essen-Katernberg  3"]
[Site "Verbandsliga - Gruppe 1 2021/"]
[Date "2022.03.20"]
[Round "7.4"]
[White "Drewes, Martin"]
[Black "Gallas, Noel"]
[Result "1-0"]
[WhiteElo "1954"]
[BlackElo "1968"]
[PlyCount "87"]
[EventDate "2022.??.??"]
[WhiteTeam "SV Waltrop 1"]
[BlackTeam "SF Essen-Katernberg  3"]

1. e4 e6 2. d4 d5 3. e5 c5 4. c3 Qb6 5. Nf3 Bd7 6. Be2 Bb5 7. O-O Ne7 8. Bxb5+
Qxb5 9. a4 Qb6 10. dxc5 Qxc5 11. Na3 Ng6 12. Be3 Qc7 13. Nb5 Qd7 14. Bxa7 Nc6
15. Bb6 Rc8 16. Qe2 Be7 17. Rfd1 O-O 18. g3 f6 19. exf6 Rxf6 20. c4 Rcf8 21.
cxd5 exd5 22. Ne1 Qh3 23. f4 Re6 24. Qf2 Qg4 25. h3 Qxh3 26. Nc7 Re4 27. Nxd5
Qg4 28. Ne3 Qe6 29. N1g2 Qb3 30. a5 Bf6 31. Rd2 Rfe8 32. Ra3 Qb4 33. Nd5 Qf8
34. Bc5 Qf7 35. a6 bxa6 36. Rxa6 Nb8 37. Ra7 Be7 38. Nxe7+ Nxe7 39. Qf3 Qc4 40.
Bxe7 R8xe7 41. Rxe7 Qc5+ 42. Kh2 Qxe7 43. Qb3+ Kf8 44. Qxb8+ 1-0

[Event "SV Waltrop 1 - SF Essen-Katernberg  3"]
[Site "Verbandsliga - Gruppe 1 2021/"]
[Date "2022.03.20"]
[Round "7.5"]
[White "Sauer, Bernd"]
[Black "Breidenbach, Rolf"]
[Result "0-1"]
[WhiteElo "1953"]
[BlackElo "1937"]
[PlyCount "85"]
[EventDate "2022.??.??"]
[WhiteTeam "SF Essen-Katernberg  3"]
[BlackTeam "SV Waltrop 1"]

1. d4 g6 2. c4 c6 3. Nc3 d5 4. e4 dxe4 5. Nxe4 Bg7 6. Nf3 Bg4 7. Be3 Bxf3 8.
Qxf3 Nd7 9. O-O-O Ngf6 10. Nxf6+ Nxf6 11. g4 h5 12. h3 hxg4 13. hxg4 Rxh1 14.
Qxh1 Nxg4 15. Qh7 Kf8 16. Bh3 Nf6 17. Qh4 Qa5 18. Kb1 Qh5 19. Qxh5 Nxh5 20. d5
cxd5 21. cxd5 b6 22. Rc1 Be5 23. Bc8 Nf6 24. Bh6+ Kg8 25. f4 Bd6 26. f5 Bc5 27.
fxg6 Rxc8 28. gxf7+ Kxf7 29. b4 Nxd5 30. bxc5 Rxc5 31. Rf1+ Ke6 32. Bc1 b5 33.
Re1+ Kd6 34. Rd1 Kc6 35. Kb2 Nb6 36. Bf4 Nc4+ 37. Kb1 e5 38. Bh2 Rd5 39. Rg1
Nd2+ 40. Kc2 Nf3 41. Rg6+ Rd6 42. Rxd6+ Kxd6 43. Kd3 0-1

[Event "SV Waltrop 1 - SF Essen-Katernberg  3"]
[Site "Verbandsliga - Gruppe 1 2021/"]
[Date "2022.03.20"]
[Round "7.6"]
[White "Schmidt, Sebastian"]
[Black "Nautsch, Werner"]
[Result "1-0"]
[WhiteElo "1768"]
[BlackElo "1937"]
[PlyCount "69"]
[EventDate "2022.??.??"]
[WhiteTeam "SV Waltrop 1"]
[BlackTeam "SF Essen-Katernberg  3"]

1. e4 e6 2. d4 d5 3. Nd2 Nf6 4. e5 Nfd7 5. Bd3 c5 6. c3 Nc6 7. Ne2 Be7 8. Nf3
O-O 9. O-O f6 10. exf6 Nxf6 11. Re1 Bd6 12. Bg5 c4 13. Bc2 Qc7 14. Ng3 Bd7 15.
Qe2 Rae8 16. Ne5 Bc8 17. Nh5 Bxe5 18. dxe5 Nxh5 19. Qxh5 g6 20. Qe2 b5 21. Bf6
d4 22. Bxg6 hxg6 23. Qe4 Rxf6 24. exf6 Kf7 25. Qh4 Kg8 26. cxd4 Qh7 27. Qe4 Bd7
28. Re3 g5 29. Qg4 Qf5 30. Qh5 g4 31. f7+ Qxf7 32. Qxg4+ Qg7 33. Qh5 Qh7 34.
Rg3+ Kh8 35. Qg5 1-0

[Event "SV Waltrop 1 - SF Essen-Katernberg  3"]
[Site "Verbandsliga - Gruppe 1 2021/"]
[Date "2022.03.20"]
[Round "7.7"]
[White "Struck, Lasse"]
[Black "Sehrbrock, Christoph"]
[Result "1-0"]
[WhiteElo "1937"]
[BlackElo "1832"]
[PlyCount "49"]
[EventDate "2022.??.??"]
[WhiteTeam "SF Essen-Katernberg  3"]
[BlackTeam "SV Waltrop 1"]

1. d4 Nf6 2. c4 e6 3. g3 d5 4. Bg2 Be7 5. Nf3 O-O 6. O-O c6 7. Nbd2 Nbd7 8. Qc2
b6 9. e4 dxe4 10. Nxe4 Bb7 11. Rd1 Nxe4 12. Qxe4 Nf6 13. Qc2 Qc7 14. c5 Nd5 15.
Ng5 g6 16. h4 Rfd8 17. h5 Nb4 18. Qe4 bxc5 19. hxg6 hxg6 20. Nxe6 fxe6 21.
Qxg6+ Kh8 22. Be4 Bf8 23. Kg2 Qg7 24. Rh1+ Kg8 25. Qxe6+ 1-0

[Event "SV Waltrop 1 - SF Essen-Katernberg  3"]
[Site "Verbandsliga - Gruppe 1 2021/"]
[Date "2022.03.20"]
[Round "7.8"]
[White "Dunsche, Daniel"]
[Black "Jahrke, Jonas"]
[Result "1-0"]
[WhiteElo "1877"]
[BlackElo "1821"]
[PlyCount "69"]
[EventDate "2022.??.??"]
[WhiteTeam "SV Waltrop 1"]
[BlackTeam "SF Essen-Katernberg  3"]

1. e4 c5 2. Nf3 d6 3. Bb5+ Nd7 4. c3 Ngf6 5. Qe2 a6 6. Ba4 b5 7. Bc2 Bb7 8. d4
e6 9. O-O Be7 10. Rd1 Qc7 11. Bd3 h6 12. Nbd2 O-O 13. b3 e5 14. d5 Nh5 15. g3
f5 16. c4 bxc4 17. bxc4 f4 18. Nb3 Ndf6 19. Nh4 Bc8 20. Ng6 Rf7 21. gxf4 exf4
22. Bxf4 Nxd5 23. Qxh5 Nxf4 24. Nxf4 Rxf4 25. Qd5+ Kh8 26. Qxa8 Qd7 27. Bf1 Kh7
28. Bg2 Bb7 29. Qa7 Bf6 30. Nxc5 Qg4 31. Nxb7 Bxa1 32. Rxa1 Qg6 33. Qe3 Rg4 34.
Qf3 Qg5 35. Qf5+ 1-0

[Event "Sport Union Annen 1 - SV Bönen 1"]
[Site "Verbandsliga - Gruppe 1 2021/"]
[Date "2022.03.20"]
[Round "7.1"]
[White "Merz, Martin"]
[Black "Wicht, Juergen"]
[Result "0-1"]
[WhiteElo "1968"]
[BlackElo "2018"]
[Annotator "daniel"]
[PlyCount "84"]
[EventDate "2022.??.??"]
[WhiteTeam "SV Bönen 1"]
[BlackTeam "Sport Union Annen 1"]

1. e4 g6 2. Nf3 Bg7 3. Nc3 c6 4. Bc4 Qb6 5. O-O d6 6. Bb3 e5 7. h3 Na6 8. d3
Nc5 9. Be3 Qc7 10. d4 Nxb3 11. axb3 b6 12. b4 Ne7 13. b5 c5 14. dxe5 dxe5 $11
15. Ra4 O-O 16. Bg5 f6 17. Nd5 Qb7 18. Be3 Nxd5 19. exd5 Rd8 20. c4 a5 21. bxa6
Rxa6 22. Rxa6 Qxa6 23. b3 Bf5 24. g4 Be4 25. Ne1 g5 26. f3 Bg6 27. Nd3 Qa5 28.
Nc1 Qc3 29. Qd2 Qxd2 30. Bxd2 Bf8 31. Bc3 b5 32. Rd1 Bd6 33. Rd2 bxc4 34. bxc4
Ra8 35. Kf2 Ra4 36. Ra2 Rxa2+ 37. Nxa2 Bd3 38. Ba5 Kf7 39. Bd8 e4 40. Nc3 exf3
41. Kxf3 Bxc4 42. Ke3 Be5 0-1

[Event "Sport Union Annen 1 - SV Bönen 1"]
[Site "Verbandsliga - Gruppe 1 2021/"]
[Date "2022.03.20"]
[Round "7.2"]
[White "Mainka, Gregor"]
[Black "Fuest, Torsten"]
[Result "1-0"]
[WhiteElo "2121"]
[BlackElo "1916"]
[PlyCount "49"]
[EventDate "2022.??.??"]
[WhiteTeam "Sport Union Annen 1"]
[BlackTeam "SV Bönen 1"]

1. Nf3 d5 2. e3 Nf6 3. c4 c6 4. Nc3 g6 5. d4 Bg7 6. Be2 O-O 7. h3 b6 8. a4 Bb7
9. Qb3 Qc7 10. Bd2 Nbd7 11. cxd5 Nxd5 12. Nxd5 cxd5 13. Rc1 Qb8 14. Bb4 Bf6 15.
Qa3 Rc8 16. Rxc8+ Qxc8 17. Bxe7 Qc1+ 18. Bd1 Ba6 19. Bb4 Rc8 20. Bc3 Bd3 21.
Nd2 Rc6 22. Nb3 Qb1 23. Qa1 Rc4 24. Qxb1 Bxb1 25. Nd2 1-0

[Event "Sport Union Annen 1 - SV Bönen 1"]
[Site "Verbandsliga - Gruppe 1 2021/"]
[Date "2022.03.20"]
[Round "7.3"]
[White "Moenkemeyer, Maik"]
[Black "Al Ali, Mohammad"]
[Result "1-0"]
[WhiteElo "1852"]
[BlackElo "1850"]
[PlyCount "57"]
[EventDate "2022.??.??"]
[WhiteTeam "SV Bönen 1"]
[BlackTeam "Sport Union Annen 1"]

1. d4 g6 2. c4 Bg7 3. Nc3 d6 4. e4 f5 5. exf5 Bxf5 6. Nf3 Nf6 7. Bd3 Bg4 8. Be2
Nc6 9. O-O Qd7 10. d5 Bxf3 11. dxc6 Bxc6 12. Nd5 e6 13. Nb4 O-O 14. Re1 Rae8
15. Be3 Ba4 16. Qc1 a5 17. Nd3 e5 18. Bh6 Bxh6 19. Qxh6 e4 20. Nf4 Qf5 21. Nh3
Re5 22. f4 exf3 23. Bxf3 Rxe1+ 24. Rxe1 Qc5+ 25. Kh1 Bc6 26. Re7 Rf7 27. Rxf7
Kxf7 28. Ng5+ Kg8 29. Ne6 1-0

[Event "Sport Union Annen 1 - SV Bönen 1"]
[Site "Verbandsliga - Gruppe 1 2021/"]
[Date "2022.03.20"]
[Round "7.4"]
[White "Hartung, Thomas"]
[Black "Helmert, Jochen"]
[Result "0-1"]
[WhiteElo "1862"]
[BlackElo "1894"]
[PlyCount "142"]
[EventDate "2022.??.??"]
[WhiteTeam "Sport Union Annen 1"]
[BlackTeam "SV Bönen 1"]

1. e4 e5 2. Nf3 d6 3. d4 exd4 4. Bc4 Be7 5. O-O Nf6 6. e5 dxe5 7. Nxe5 O-O 8.
c3 Nbd7 9. cxd4 Nxe5 10. dxe5 Qxd1 11. Rxd1 Ng4 12. Bf4 g5 13. Bg3 h5 14. h3 h4
15. Bxh4 Nxe5 16. Re1 Nxc4 17. Rxe7 gxh4 18. b3 Nd6 19. Rxc7 Be6 20. Rc5 Rfc8
21. Rg5+ Kf8 22. Nd2 Rc2 23. Rh5 Rac8 24. Nf3 Rc1+ 25. Rxc1 Rxc1+ 26. Kh2 Rf1
27. Rxh4 Rxf2 28. Ra4 a6 29. Ra5 Nb5 30. Ra4 Bd5 31. Kg3 Re2 32. h4 Nc3 33. Rd4
Rxa2 34. Rd3 Ne4+ 35. Kf4 Bc6 36. g4 Nc5 37. Rc3 Ne6+ 38. Kg3 Rb2 39. h5 Kg7
40. Re3 Bd5 41. Rd3 Be4 42. Rc3 Bxf3 43. Rxf3 Nd4 44. h6+ Kxh6 45. Rxf7 Rxb3+
46. Kg2 a5 47. Rd7 Nc6 48. Rc7 a4 49. Rc8 a3 50. Ra8 Nb4 51. Ra5 Rb2+ 52. Kg3
a2 53. Rh5+ Kg6 54. Ra5 Nc2 55. Kh4 a1=Q 56. Rg5+ Kf6 57. Rf5+ Ke6 58. Kg5 Rb4
59. Kh5 Qh8+ 60. Kg5 Qg7+ 61. Kh5 Qxg4+ 62. Kh6 Kxf5 63. Kh7 Rb3 64. Kh6 Nd4
65. Kh7 Rf3 66. Kh8 b5 67. Kh7 b4 68. Kh8 b3 69. Kh7 b2 70. Kh8 b1=Q 71. Kh7
Qh1# 0-1

[Event "Sport Union Annen 1 - SV Bönen 1"]
[Site "Verbandsliga - Gruppe 1 2021/"]
[Date "2022.03.20"]
[Round "7.5"]
[White "Lenz, Guntram"]
[Black "Jeschke, Holger"]
[Result "1/2-1/2"]
[WhiteElo "1850"]
[BlackElo "1895"]
[PlyCount "120"]
[EventDate "2022.??.??"]
[WhiteTeam "SV Bönen 1"]
[BlackTeam "Sport Union Annen 1"]

1. d4 Nf6 2. c4 c5 3. d5 b5 4. Nf3 d6 5. Qc2 g6 6. e4 Bg7 7. cxb5 a6 8. Nc3 O-O
9. a4 Nbd7 10. h3 Ne8 11. Be3 Nc7 12. Bd3 axb5 13. Nxb5 Nxb5 14. Bxb5 Ba6 15.
O-O Bxb5 16. axb5 Ra5 17. Rxa5 Qxa5 18. Bd2 Qxb5 19. Bc3 Rb8 20. Ra1 Bxc3 21.
bxc3 Nf6 22. Nd2 Qe2 23. c4 Nd7 24. Qd1 Qd3 25. Qc1 Ne5 26. Ra3 Qd4 27. Qc3
Qxc3 28. Rxc3 Rb2 29. Nf1 Rb1 30. f4 Nd7 31. Kf2 Rb2+ 32. Kf3 Nb6 33. Ne3 Na4
34. Ra3 Rb4 35. g4 Nb2 36. Rc3 f6 37. Ke2 Kf7 38. Kd2 Na4 39. Ra3 Rb2+ 40. Nc2
Nb6 41. Rc3 Rb1 42. Na3 Rh1 43. Rf3 Rh2+ 44. Ke1 Na4 45. Kd1 Nb6 46. e5 Rh1+
47. Kd2 Ra1 48. Kc2 Re1 49. exd6 exd6 50. Rb3 Nd7 51. Nb5 Ke7 52. Kd2 Re4 53.
Re3 Rxe3 54. Kxe3 h6 55. h4 g5 56. hxg5 fxg5 57. fxg5 hxg5 58. Ke4 Ne5 59. Kf5
Nxc4 60. Kxg5 Ne3 1/2-1/2

[Event "Sport Union Annen 1 - SV Bönen 1"]
[Site "Verbandsliga - Gruppe 1 2021/"]
[Date "2022.03.20"]
[Round "7.6"]
[White "Lauer, Boris"]
[Black "Wegner, Stephan"]
[Result "1/2-1/2"]
[WhiteElo "1820"]
[BlackElo "1753"]
[PlyCount "42"]
[EventDate "2022.??.??"]
[WhiteTeam "Sport Union Annen 1"]
[BlackTeam "SV Bönen 1"]

1. d4 Nf6 2. Nf3 d5 3. Bf4 c5 4. e3 Nc6 5. c3 Qb6 6. Qb3 c4 7. Qxb6 axb6 8.
Nbd2 b5 9. Ne5 Bf5 10. Nxc6 bxc6 11. a3 e6 12. Rc1 Ne4 13. Nxe4 Bxe4 14. h4 h6
15. f3 Bh7 16. g4 Kd7 17. Kd2 Bd6 18. Bxd6 Kxd6 19. Bg2 f6 20. Rce1 e5 21. f4
exf4 1/2-1/2

[Event "Sport Union Annen 1 - SV Bönen 1"]
[Site "Verbandsliga - Gruppe 1 2021/"]
[Date "2022.03.20"]
[Round "7.7"]
[White "Volling, Andreas"]
[Black "Richter, Bernd"]
[Result "1-0"]
[WhiteElo "1814"]
[BlackElo "1608"]
[PlyCount "46"]
[EventDate "2022.??.??"]
[WhiteTeam "SV Bönen 1"]
[BlackTeam "Sport Union Annen 1"]

1. d4 Nf6 2. c4 g6 3. Nc3 d5 4. cxd5 Nxd5 5. e4 Nxc3 6. bxc3 Bg7 7. Bc4 O-O 8.
Ne2 c5 9. Be3 Nc6 10. O-O cxd4 11. cxd4 e6 12. Rc1 Bd7 13. Qd2 Re8 14. f4 Rc8
15. d5 Na5 16. dxe6 Rxc4 17. exd7 Re7 18. Rfd1 Rxc1 19. Nxc1 Nc6 20. Qd5 Re6
21. Nb3 Bf8 22. e5 a6 23. Nd4 Qb6 1-0

[Event "Sport Union Annen 1 - SV Bönen 1"]
[Site "Verbandsliga - Gruppe 1 2021/"]
[Date "2022.03.20"]
[Round "7.8"]
[White "Dachrodt, Heinz-Guenther"]
[Black "Medger, Gernot"]
[Result "1/2-1/2"]
[WhiteElo "1563"]
[BlackElo "1799"]
[PlyCount "114"]
[EventDate "2022.??.??"]
[WhiteTeam "Sport Union Annen 1"]
[BlackTeam "SV Bönen 1"]

1. e4 d6 2. d4 Nf6 3. Nc3 Nbd7 4. Bg5 c6 5. Bxf6 Nxf6 6. e5 Ng4 7. h3 Nh6 8. g4
dxe5 9. dxe5 Qa5 10. Qd3 Qxe5+ 11. Be2 Bd7 12. O-O-O O-O-O 13. Qe4 Qxe4 14.
Nxe4 e5 15. Nf3 f5 16. gxf5 Bxf5 17. Rxd8+ Kxd8 18. Ng3 Bd6 19. Nxf5 Nxf5 20.
Ng5 Ke7 21. Ne4 Rf8 22. Nxd6 Nxd6 23. f3 Nf5 24. Kd2 Nd4 25. Rf1 Rd8 26. Bd3 g6
27. Ke3 Nf5+ 28. Kf2 Rd4 29. Re1 Kf6 30. Re4 Rxe4 31. fxe4 Nd6 32. Kf3 a6 33.
a4 b5 34. b3 Nb7 35. axb5 axb5 36. h4 g5 37. Kg4 gxh4 38. Kxh4 Kg6 39. Kg4 Nd6
40. Be2 Ne8 41. b4 Nd6 42. Bd3 Nf7 43. c4 bxc4 44. Bxc4 Ng5 45. b5 cxb5 46.
Bxb5 h5+ 47. Kh4 Nf3+ 48. Kg3 Nd4 49. Bd3 Kg5 50. Ba6 Ne6 51. Bc8 Nf4 52. Bd7
h4+ 53. Kf3 Nh5 54. Be6 Nf6 55. Bc8 Ne8 56. Bd7 Nf6 57. Be6 Nh5 1/2-1/2

[Event "Bochumer SV 2 - Dortmunder SV 1"]
[Site "Verbandsliga - Gruppe 1 2021/"]
[Date "2022.03.20"]
[Round "7.1"]
[White "Zeldin, Leonid"]
[Black "Krämer, Matthias"]
[Result "0-1"]
[WhiteElo "2058"]
[BlackElo "2199"]
[PlyCount "46"]
[EventDate "2022.??.??"]
[WhiteTeam "Dortmunder SV 1"]
[BlackTeam "Bochumer SV 2"]

1. e4 c5 2. c3 Nf6 3. e5 Nd5 4. d4 d6 5. exd6 cxd4 6. dxe7 Bxe7 7. Nf3 dxc3 8.
Nxc3 Nxc3 9. Qxd8+ Bxd8 10. bxc3 Bf6 11. Bb5+ Bd7 12. Bxd7+ Nxd7 13. O-O O-O
14. Rb1 b6 15. Nd4 Rfc8 16. Rd1 Nc5 17. Nb5 a6 18. Nd6 Rc6 19. Be3 Na4 20. Ne4
Bxc3 21. Bxb6 f5 22. Rd6 Rxd6 23. Nxd6 Rb8 0-1

[Event "Bochumer SV 2 - Dortmunder SV 1"]
[Site "Verbandsliga - Gruppe 1 2021/"]
[Date "2022.03.20"]
[Round "7.2"]
[White "Niekrens, Stefan"]
[Black "Canzler, Harald"]
[Result "1-0"]
[WhiteElo "1959"]
[BlackElo "1953"]
[PlyCount "103"]
[EventDate "2022.??.??"]
[WhiteTeam "Bochumer SV 2"]
[BlackTeam "Dortmunder SV 1"]

1. e4 d6 2. d4 Nf6 3. Nc3 g6 4. Be3 a6 5. Qd2 b5 6. Bd3 Nbd7 7. Nf3 c5 8. e5
cxd4 9. Bxd4 dxe5 10. Nxe5 Nxe5 11. Bxe5 Bg7 12. O-O-O O-O 13. Qe2 Qa5 14. a3
b4 15. axb4 Qxb4 16. Ne4 Ng4 17. Bxg7 Kxg7 18. f3 Ne5 19. Nf2 Nxd3+ 20. Nxd3
Qh4 21. g3 Qf6 22. Rhe1 Re8 23. Qe5 Bf5 24. g4 Bxd3 25. Rxd3 Qxe5 26. Rxe5 Kf6
27. Ra5 e5 28. b4 Kg5 29. Rd6 f5 30. gxf5 gxf5 31. Rdxa6 Rad8 32. b5 Kf4 33.
Ra3 e4 34. fxe4 fxe4 35. Rf6+ Kg5 36. Rf2 e3 37. Re2 Kf4 38. c4 Kf3 39. Raa2
Rg8 40. Rac2 Rg1+ 41. Kb2 Rf1 42. Rg2 Rf2 43. Rg3+ Kf4 44. Rg7 Rxc2+ 45. Kxc2
e2 46. Re7 Kf3 47. b6 Kf2 48. c5 Rd5 49. c6 Rc5+ 50. Kd3 Rxc6 51. Rxe2+ Kf3 52.
Rb2 1-0

[Event "Bochumer SV 2 - Dortmunder SV 1"]
[Site "Verbandsliga - Gruppe 1 2021/"]
[Date "2022.03.20"]
[Round "7.4"]
[White "Goralski, Christian"]
[Black "Wolff, Torsten"]
[Result "1/2-1/2"]
[WhiteElo "1920"]
[BlackElo "1863"]
[PlyCount "58"]
[EventDate "2022.??.??"]
[WhiteTeam "Bochumer SV 2"]
[BlackTeam "Dortmunder SV 1"]

1. e4 c5 2. c3 Nf6 3. e5 Nd5 4. Nf3 e6 5. d4 cxd4 6. cxd4 d6 7. Bc4 Nb6 8. Bb3
dxe5 9. Nxe5 Nc6 10. Nxc6 bxc6 11. O-O Be7 12. Nc3 Bf6 13. Be3 g6 14. Ne4 Bg7
15. Rc1 O-O 16. Nc5 Bd7 17. Qd2 Qe7 18. Bg5 Qd6 19. Rfd1 Rfc8 20. Ne4 Qc7 21.
Rc5 Be8 22. Rdc1 Bd7 23. a4 Re8 24. Nf6+ Bxf6 25. Bxf6 Qd6 26. Rh5 Nd5 27. Bxd5
exd5 28. Be5 Qe7 29. Rh6 f6 1/2-1/2

[Event "Bochumer SV 2 - Dortmunder SV 1"]
[Site "Verbandsliga - Gruppe 1 2021/"]
[Date "2022.03.20"]
[Round "7.5"]
[White "Köhler, Eckart"]
[Black "Peters, Olaf"]
[Result "1/2-1/2"]
[WhiteElo "1878"]
[BlackElo "1914"]
[PlyCount "112"]
[EventDate "2022.??.??"]
[WhiteTeam "Dortmunder SV 1"]
[BlackTeam "Bochumer SV 2"]

1. d4 d5 2. Bf4 e6 3. e3 Bd6 4. Bg3 Nf6 5. Nd2 O-O 6. Ngf3 c5 7. c3 Nc6 8. Bd3
Qe7 9. O-O Bxg3 10. hxg3 e5 11. dxe5 Nxe5 12. Nxe5 Qxe5 13. Re1 Bg4 14. Be2 Bf5
15. Nf3 Qc7 16. Bd3 Bxd3 17. Qxd3 Rad8 18. Rad1 Rfe8 19. Qf5 Qd7 20. Qxd7 Rxd7
21. Kf1 h6 22. a4 Kf8 23. Re2 b6 24. Red2 Re4 25. b3 Ke7 26. Ne1 Re6 27. Nc2
Red6 28. f3 h5 29. Kf2 g6 30. Ne1 Rd8 31. Nd3 c4 32. Nc1 cxb3 33. Nxb3 Rc8 34.
Nd4 Rd7 35. Ne2 Rc4 36. Ra2 Rdc7 37. Rb1 R7c5 38. a5 b5 39. a6 Ne8 40. Rab2 Nc7
41. Ke1 Ra4 42. Nd4 Rxa6 43. Nxb5 Nxb5 44. Rxb5 Rxc3 45. Rxd5 Rxe3+ 46. Kf2 Ke6
47. Rxh5 Rxf3+ 48. gxf3 gxh5 49. Rb5 f5 50. Rb8 Kf6 51. Rh8 Kg6 52. Rg8+ Kf6
53. Rh8 Ra2+ 54. Ke3 Ra3+ 55. Kf4 Ra4+ 56. Ke3 Ra3+ 1/2-1/2

[Event "Bochumer SV 2 - Dortmunder SV 1"]
[Site "Verbandsliga - Gruppe 1 2021/"]
[Date "2022.03.20"]
[Round "7.6"]
[White "Bautz, Volker"]
[Black "Kumler, Steffen"]
[Result "0-1"]
[WhiteElo "1791"]
[BlackElo "1703"]
[PlyCount "84"]
[EventDate "2022.??.??"]
[WhiteTeam "Bochumer SV 2"]
[BlackTeam "Dortmunder SV 1"]

1. d4 d5 2. Nc3 Nf6 3. Bg5 Bf5 4. f3 Nbd7 5. h4 h6 6. Bf4 e6 7. a3 c5 8. e3 a6
9. g4 Bg6 10. Bd3 Bxd3 11. Qxd3 cxd4 12. exd4 Be7 13. Nge2 b5 14. Ng3 Nb6 15.
b3 Rc8 16. Nce2 Bd6 17. Bxd6 Qxd6 18. Kf2 Qc7 19. c3 Nfd7 20. f4 g6 21. h5 g5
22. fxg5 hxg5 23. Qe3 Qd8 24. h6 Qf6+ 25. Kg2 Rxh6 26. Raf1 Qg6 27. Nf5 Rxh1
28. Rxh1 Rc6 29. Rh8+ Nf8 30. Qe5 Nbd7 31. Qe3 Kd8 32. Nfg3 Qg7 33. Rh5 f6 34.
Rh1 Ng6 35. Nh5 Qe7 36. Qc1 e5 37. Nhg3 Nh4+ 38. Kh3 Qe6 39. dxe5 Nxe5 40. Nf5
Nxf5 41. Kg2 Nh4+ 42. Kf1 Qxg4 0-1

[Event "Bochumer SV 2 - Dortmunder SV 1"]
[Site "Verbandsliga - Gruppe 1 2021/"]
[Date "2022.03.20"]
[Round "7.7"]
[White "Ackermann, Daniel"]
[Black "Hart, Klaus"]
[Result "0-1"]
[WhiteElo "1571"]
[BlackElo "1722"]
[PlyCount "86"]
[EventDate "2022.??.??"]
[WhiteTeam "Dortmunder SV 1"]
[BlackTeam "Bochumer SV 2"]

1. e4 e5 2. Nf3 Nf6 3. Nxe5 d6 4. Nf3 Nxe4 5. d4 d5 6. Bd3 Bd6 7. c4 Bb4+ 8.
Bd2 Nxd2 9. Nbxd2 Qe7+ 10. Qe2 Qxe2+ 11. Bxe2 dxc4 12. Bxc4 O-O 13. O-O Nc6 14.
Nb3 Na5 15. Nxa5 Bxa5 16. Ne5 g6 17. Rad1 Kg7 18. a3 f6 19. Nd3 Bg4 20. f3 Bc8
21. Nc5 Rd8 22. b4 Bb6 23. Kf2 a5 24. Rfe1 Kf8 25. b5 Rxd4 26. Rxd4 Bxc5 27.
Red1 Bd7 28. Kg3 Bxd4 29. Rxd4 Be8 30. Rh4 h5 31. Rd4 c6 32. b6 Ke7 33. Ba2 f5
34. Kf4 Ra6 35. Ra4 Rxb6 36. Rxa5 Rb2 37. Bc4 Rxg2 38. Ra7 Rb2 39. Ba6 Kf6 40.
Bxb7 Rxh2 41. Ra8 g5+ 42. Kg3 Rb2 43. Ba6 f4+ 0-1

[Event "Bochumer SV 2 - Dortmunder SV 1"]
[Site "Verbandsliga - Gruppe 1 2021/"]
[Date "2022.03.20"]
[Round "7.8"]
[White "Hart, Theo"]
[Black "Sadeghi Panah, Mishan"]
[Result "0-1"]
[WhiteElo "1798"]
[BlackElo "1631"]
[PlyCount "74"]
[EventDate "2022.??.??"]
[WhiteTeam "Bochumer SV 2"]
[BlackTeam "Dortmunder SV 1"]

1. e3 d5 2. d4 Nf6 3. Nf3 Bg4 4. c4 Bxf3 5. Qxf3 e6 6. a3 c6 7. Nc3 Be7 8. Bd3
Nbd7 9. O-O O-O 10. Rd1 Re8 11. e4 dxe4 12. Nxe4 Nxe4 13. Bxe4 Nf6 14. Bc2 Qc7
15. Bg5 Rad8 16. Qh3 g6 17. Qh4 Nh5 18. Bxe7 Qxe7 19. Qxe7 Rxe7 20. Rd2 Red7
21. Rad1 Nf6 22. Rd3 Kg7 23. Kf1 h5 24. f3 g5 25. Ke2 Ng8 26. Ke3 Nh6 27. R3d2
f5 28. Bb3 Kf6 29. Bc2 f4+ 30. Ke2 Nf5 31. Bxf5 Kxf5 32. b4 a6 33. a4 b5 34.
cxb5 cxb5 35. axb5 axb5 36. Rd3 Rd5 37. R1d2 Rc8 0-1

[Event "Bochumer SV 2 - Dortmunder SV 1"]
[Site "Verbandsliga - Gruppe 1 2021/"]
[Date "2022.03.20"]
[Round "7.3"]
[White "Brockmann, Fabian"]
[Black "Hinkmann, Jens"]
[Result "1/2-1/2"]
[WhiteElo "1932"]
[BlackElo "1993"]
[PlyCount "31"]
[EventDate "2022.??.??"]
[WhiteTeam "Dortmunder SV 1"]
[BlackTeam "Bochumer SV 2"]

1. e4 e5 2. d4 exd4 3. Qxd4 Nc6 4. Qe3 Bb4+ 5. Bd2 Qe7 6. Nc3 Nf6 7. O-O-O O-O
8. Nd5 Nxd5 9. exd5 Qxe3 10. Bxe3 Ne5 11. Nf3 Nxf3 12. gxf3 d6 13. Rg1 f6 14.
h4 Bf5 15. h5 a6 16. Bd3 1/2-1/2

[Event "SV Unser Fritz 1 - SC Listiger Bauer Es"]
[Site "Verbandsliga - Gruppe 2 2021/"]
[Date "2022.03.20"]
[Round "7.1"]
[White "Mandl, Stefan"]
[Black "Distelrath, Oliver"]
[Result "1-0"]
[WhiteElo "1953"]
[BlackElo "1858"]
[PlyCount "59"]
[EventDate "2022.??.??"]
[WhiteTeam "SC Listiger Bauer Essen 1"]
[BlackTeam "SV Unser Fritz 1"]

1. e4 d6 2. d4 Nf6 3. Nc3 e5 4. Nf3 Nbd7 5. Bc4 Be7 6. O-O O-O 7. Re1 c6 8. a4
b6 9. b3 Qc7 10. Bb2 Bb7 11. Bd3 a6 12. Ne2 Rfe8 13. Ng3 g6 14. c4 Bf8 15. Rc1
c5 16. dxe5 dxe5 17. Nf1 Bg7 18. Qc2 Nh5 19. Ne3 Rad8 20. Nd5 Bxd5 21. cxd5 a5
22. Rcd1 Qd6 23. Nd2 Qf6 24. g3 Bf8 25. Bb5 Bg7 26. Nc4 Re7 27. Kg2 Nf8 28. f4
Rb7 29. Bc6 Rc7 30. Bxe5 1-0